Essentials of Systems Analysis & Design (Record no. 77)

MARC details
000 -LEADER
fixed length control field 00406nam a22001577a 4500
005 - DATE AND TIME OF LATEST TRANSACTION
control field 20180203113416.0
008 - FIXED-LENGTH DATA ELEMENTS--GENERAL INFORMATION
fixed length control field 160427b xxu||||| |||| 00| 0 eng d
020 ## - INTERNATIONAL STANDARD BOOK NUMBER
ISBN 81-203-2312-2
041 ## - LANGUAGE CODE
Language code of text/sound track or separate title eng
082 ## - DEWEY DECIMAL CLASSIFICATION NUMBER
Item number 00217
Classification number 004.21
100 ## - MAIN ENTRY--AUTHOR NAME
Personal name Valacich, Joseph S. and others
245 ## - TITLE STATEMENT
Title Essentials of Systems Analysis & Design
260 ## - PUBLICATION, DISTRIBUTION, ETC. (IMPRINT)
Place of publication New Delhi
Name of publisher PHI Pvt Ltd.
Year of publication 2004
300 ## - PHYSICAL DESCRIPTION
Number of Pages 460
942 ## - ADDED ENTRY ELEMENTS (KOHA)
Koha item type Books
Holdings
Lost status Damaged status Collection code Home library Current library Shelving location Date acquired Cost, normal purchase price Full call number Accession Number Koha item type
    CS/IT JRU Library JRU Library SHELF-49-B 27/04/2016 350.00 00217 00217 Books
    CS/IT JRU Library JRU Library SHELF-49-B 27/04/2016 350.00 00217 00218 Books
    CS/IT JRU Library JRU Library SHELF-49-B 27/04/2016 350.00 00217 00219 Books
    CS/IT JRU Library JRU Library SHELF-49-B 27/04/2016 350.00 00217 00220 Books
    CS/IT JRU Library JRU Library SHELF-49-B 27/04/2016 350.00 00217 00221 Books